000
00320nam a22001457a 4500
008
210507b ||||| |||| 00| 0 eng d
020
_a
9781133278825
041
_a
eng
080
_a
61
082
_a
61
100
_a
4
101
_a
SHM
245
_a
Administrative Medical Assisting
_c
French,L.L
942
_2
udc
_c
BK
999
_c
57125
_d
57125